Entidades no lucrativas

Detalles Bibliográficos
Autor principal: Barbosa Da̕z, Marco Antonio
Autor Corporativo: Instituto Mexicano de Contadores Pb︢licos
Formato: eBook
Lenguaje:español
Publicado: [Mx̌ico] : Instituto Mexicano de Contadores Pb︢licos, 2010.
Materias:
Acceso en línea:Acceso restringido

MARC

LEADER 00000nam a22000007a 4500
005 20110906103622.0
008 110906t2010 mx ||||s|||| 00| 0 spa d
020 |a 978-607-7620-45-7 
035 |a 5610 
040 |a vLex 
090 |c 2382  |d 2382 
100 1 |a Barbosa Da̕z, Marco Antonio 
245 1 0 |a Entidades no lucrativas  |h [Recurso electrn̤ico] /  |c Marco Antonio Barbosa Da̕z 
256 |a Servicio en ln̕ea. 
260 |a [Mx̌ico] :  |b Instituto Mexicano de Contadores Pb︢licos,  |c 2010. 
300 |a 1 recurso electrn̤ico 
500 |a El auge de las Entidades No Lucrativas (ENL) en nuestro pas̕, ha hecho necesario que se les norme contablemente para preparar su informacin̤ financiera dirigida a los ml︢tiples interesados y usuarios de dicha informacin̤.  
506 1 |a Contenido solo disponible en los productos indicados  |d vLex Global  |d vLex Global (Academic Edition, excluding Law Schools)  |d vLex Global (U.S. Academic Edition, Law Schools)  |d vLex Global (U.S. Academic Edition, excluding Law Schools)  |d vLex Global (Academic Edition, Law Schools) 
650 0 4 |a Entidades sin ǹimo de lucro  |z Mx̌ico 
710 2 |a Instituto Mexicano de Contadores Pb︢licos 
740 0 |a vLex Libros (Servicio en ln̕ea) 
856 4 0 |u http://vlex.com/source/entidades-no-lucrativas-5610  |z Acceso restringido 
942 |c BOOK